| 000 | 03590cad a22003255a 4500 | ||
|---|---|---|---|
| 001 | L158006 | ||
| 008 | 131031s2013 xxk f f 001 0 eng d | ||
| 020 | _a9781783210251 | ||
| 035 | _a(Sirsi) u158006 | ||
| 041 | 0 | _aeng | |
| 050 | 0 | 4 | _a333.332 $2 18 |
| 110 | 2 |
_aRoyal Institution of Chartered Surveyors _94900 |
|
| 240 | 0 | 0 | _aRed Book |
| 245 | 0 | 0 |
_aRICS valuation _bprofessional standards January 2014, incorporating the IVSA International Valuation Standards _h[electronic resource] |
| 260 |
_aLondon _bRICS _c2013 |
||
| 490 | 0 | _aRICS Guidance Note | |
| 490 | 0 | _aRICS Valuation Standards | |
| 490 | 0 | _aRICS Professional Standards Global and UK | |
| 490 | _aRICS Red Book | ||
| 505 | 2 | _aIntroduction -- RICS Glossary -- RICS Professional Standards (PS) -- RICS Global Valuation Practice Statements -- (VPS) -- IVSC International Valuation Standards (IVS) -- RICS Global Practice Guidance - Applications (VPGAs) -- Overview of changes made to the 2012 global valuation standards, appendices and guidance notes -- RICS Valuation Standards -- RICS UK Appendices -- RICS UK guidance notes -- Index | |
| 520 | _a01/05/2015 - The UK and global portions are now issued separately. (L158561 - UK version and L158701 - global version). The June reprint of the global Valuation Standards incorporates the December 2013 correction, minor errata and an updated index. References only relevant to the UK portion have been removed and pages on other publications have been removed. | ||
| 520 | _aAPRIL 2015 UPDATE: RICS Valuation Standards as they apply in the UK have been updated with effect from the date of publication on 27 April 2015. The changes are UK appendix 3 was revised to reflect the changes to UK GAAP effective from 1 January 2015 and to the International Standards and Auditing (UK and Ireland). UK appendix 5 was updated to reflect the changes to UK GAAP and the Code of Practice on Local Authority Accounting in the United Kingdom, published by the Chartered Institute of Public Finance and Accounting (CIPFA). A minor change was made to UKGN 7 to reflect the new UK GAAP (FRS 100-103 and FRSSE 2015) application to the financial statements of charities. In UK appendix 10, the Unexpired lease term assumption adjusted from 70 years to 85 years (applies when it is not possible to inspect the lease). Where appropriate references to UK content and to RICS publications have been updated. | ||
| 520 | _aJANUARY 2015 UPDATE: UK part was replaced by RICS UK valuation standards, appendices and guidance notes (L158332). Red Book UKVS 1 and the associated Appendices have been rewritten in 2014 in order to reflect the replacement of the existing UK GAAP accounting standards with a new regime, based on International Financial Reporting Standards (IFRS), taking effect from January 2015. The new UK and Republic of Ireland accounting standards affect UKVS 1 and UK appendices 1, 2, 4 and 6. | ||
| 520 | _aContains mandatory rules and best practice guidance for all RICS registered valuers undertaking valuation services worldwide. Fully compliant with International Valuation Standards (IVS) issued by the International Valuation Standards Council. Effective from 6 January 2014 and applies to all valuations where the valuation date is on or after that date. | ||
| 650 | 2 | 4 | _aRICS VALUATION STANDARDS |
| 651 | 4 | _aInternational | |
| 690 |
_aValuation _96273 |
||
| 856 | 4 | 8 |
_uhttps://www.isurv.com/downloads/file/6403/archived_rics_valuation_%E2%80%93_professional_standards_january_2014_global_and_uk _zArchived on isurv (subscription required) |
| 942 |
_n0 _2ddc |
||
| 999 |
_c115072 _d115072 |
||